[Event "GBR-ch 95th"]
[Site "Liverpool"]
[Date "2008.08.06"]
[Round "9.5"]
[White "Williams, Simon K"]
[Black "Eggleston, David"]
[Result "1-0"]
[WhiteElo "2496"]
[BlackElo "2372"]
[PlyCount "79"]
[EventDate "2008.07.28"]
[EventType "swiss"]
[EventRounds "11"]
[EventCountry "GBR"]

1. c4 e6 2. Nc3 Nf6 3. e4 d5 4. e5 Ne4 5. Nf3 Nc6 6. d4 Be7 7. Bd3 Nxc3 8. bxc3
dxc4 9. Bxc4 Na5 10. Bd3 c5 11. O-O Bd7 12. Be3 cxd4 13. cxd4 Bc6 14. Nd2 h5
15. Qe2 Bd5 16. Ne4 g6 17. Rac1 Kf8 18. Qd2 Nc6 19. Rfd1 Rc8 20. Bb1 Bxe4 21.
Bxe4 Qd7 22. d5 exd5 23. Bxd5 Nxe5 24. Rxc8+ Qxc8 25. Bd4 f6 26. Qe2 Nc6 27.
Bb2 Rh7 28. h3 Nd8 29. Bb3 Qc7 30. Qe4 Rg7 31. Re1 Qc6 32. Qf4 g5 33. Qf5 Qd6
34. Rd1 Qc6 35. Ba3 Bxa3 36. Rxd8+ Ke7 37. Rc8 Qd7 38. Qe4+ Kd6 39. Rc3 Qb5 40.
Qe6# 1-0

[Event "GBR-ch 95th"]
[Site "Liverpool"]
[Date "2008.08.06"]
[Round "9.7"]
[White "Haslinger, Stewart"]
[Black "Lalic, Susan"]
[Result "1-0"]
[WhiteElo "2511"]
[BlackElo "2344"]
[PlyCount "85"]
[EventDate "2008.07.28"]
[EventType "swiss"]
[EventRounds "11"]
[EventCountry "GBR"]

1. e4 c6 2. d4 d5 3. e5 c5 4. c4 Nc6 5. Nf3 cxd4 6. Nxd4 dxc4 7. Nxc6 Qxd1+ 8.
Kxd1 bxc6 9. Bxc4 Bf5 10. Nc3 e6 11. Be3 Ne7 12. Ke2 Nd5 13. Nxd5 exd5 14. Bb3
Kd7 15. Rac1 Be7 16. Ba4 Rhc8 17. Rhd1 Be6 18. Rd2 Rc7 19. f4 g6 20. Bc5 Rac8
21. Rdc2 Bf5 22. Rc3 Rb8 23. b3 d4 24. Bxd4 Ba3 25. Rxc6 Bxc1 26. e6+ Kc8 27.
e7 Bd7 28. Rxc7+ Kxc7 29. Be5+ Kc8 30. Bxb8 Bxa4 31. bxa4 Kd7 32. Bxa7 Bxf4 33.
g3 Bd6 34. a5 Bxe7 35. a6 Kc6 36. Bd4 f5 37. Kd3 g5 38. a7 Kb7 39. Kc4 Bd6 40.
Be3 h6 41. Kd5 Bxg3 42. hxg3 f4 43. Bxf4 1-0

[Event "GBR-ch 95th"]
[Site "Liverpool"]
[Date "2008.08.06"]
[Round "9.8"]
[White "Ledger, Andrew"]
[Black "Flear, Glenn C"]
[Result "1-0"]
[WhiteElo "2423"]
[BlackElo "2493"]
[PlyCount "63"]
[EventDate "2008.07.28"]
[EventType "swiss"]
[EventRounds "11"]
[EventCountry "GBR"]

1. d4 d5 2. Nf3 Nf6 3. c4 e6 4. Bg5 dxc4 5. Qa4+ c6 6. Qxc4 b5 7. Qc2 Bb7 8. e3
Nbd7 9. Bd3 Rc8 10. O-O h6 11. Bxf6 Nxf6 12. Nbd2 Qb6 13. a4 Bb4 14. Rfc1 O-O
15. Nb3 a5 16. Nc5 Rfd8 17. Qe2 Ba8 18. Ne5 Rd5 19. Ne4 Qd8 20. axb5 cxb5 21.
Nxf6+ gxf6 22. Qh5 Rxc1+ 23. Rxc1 Rxe5 24. dxe5 Qxd3 25. Rc8+ Bf8 26. Qg4+ Kh7
27. h3 f5 28. Qh5 Bg7 29. Rxa8 Qb1+ 30. Kh2 Qxb2 31. f4 f6 32. Qf7 1-0

[Event "GBR-ch 95th"]
[Site "Liverpool"]
[Date "2008.08.06"]
[Round "9.10"]
[White "Rudd, Jack"]
[Black "Zhou, Yang-Fan"]
[Result "1-0"]
[WhiteElo "2345"]
[BlackElo "2259"]
[PlyCount "87"]
[EventDate "2008.07.28"]
[EventType "swiss"]
[EventRounds "11"]
[EventCountry "GBR"]

1. e4 c5 2. Nf3 d6 3. Nc3 Nf6 4. e5 dxe5 5. Nxe5 a6 6. g3 Qc7 7. d4 e6 8. Bf4
Bd6 9. Bg2 Nbd7 10. Nxd7 Bxd7 11. Be3 Bc6 12. f3 O-O-O 13. Ne2 cxd4 14. Nxd4
Bc5 15. Qd3 e5 16. Bh3+ Kb8 17. Nxc6+ Qxc6 18. Qe2 Bxe3 19. Qxe3 Qxc2 20. Qxe5+
Ka8 21. O-O Rd2 22. Rac1 Qxb2 23. Qxb2 Rxb2 24. Rc7 Rd8 25. Rxf7 Rdd2 26. Rxg7
Rxh2 27. Rb1 Rxb1+ 28. Kxh2 Rb2+ 29. Bg2 Rxa2 30. f4 h5 31. Kh3 Rb2 32. Rg6 Rb6
33. Kh4 Ka7 34. Kg5 Ne8 35. f5 a5 36. Bd5 a4 37. f6 Nxf6 38. Rxf6 Rxf6 39. Kxf6
Kb6 40. Ke5 Kc7 41. Kd4 Kd6 42. Bxb7 a3 43. Bd5 h4 44. gxh4 1-0

[Event "GBR-ch 95th"]
[Site "Liverpool"]
[Date "2008.08.06"]
[Round "9.11"]
[White "Addison, Bret"]
[Black "Trent, Lawrence"]
[Result "1/2-1/2"]
[WhiteElo "2244"]
[BlackElo "2470"]
[PlyCount "206"]
[EventDate "2008.07.28"]
[EventType "swiss"]
[EventRounds "11"]
[EventCountry "GBR"]

1. d4 Nf6 2. c4 g6 3. Nc3 Bg7 4. e4 d6 5. Bd3 O-O 6. Nge2 Nc6 7. O-O Nd7 8. Bc2
e5 9. d5 Nb4 10. Bb1 a5 11. Be3 Nb6 12. a3 Na6 13. b3 f5 14. exf5 gxf5 15. f4
e4 16. Ba2 Bd7 17. Rb1 Nc5 18. Nd4 c6 19. Qd2 Qf6 20. Rfc1 Nd3 21. Rc2 c5 22.
Nde2 Qh4 23. Nd1 Rf6 24. Nf2 Rh6 25. h3 Rg6 26. Kf1 Nxf2 27. Bxf2 Qh6 28. Rcc1
Bc8 29. b4 axb4 30. axb4 Nd7 31. Bb3 b6 32. Rc2 cxb4 33. Ra2 Rb8 34. Qxb4 Nc5
35. Qd2 Nd3 36. Be3 Bf6 37. Bc2 Nc5 38. Ra7 Rg7 39. Rxg7+ Qxg7 40. Nd4 Bd7 41.
Ra1 Nd3 42. Ra7 Bxd4 43. Rxd7 Qxd7 44. Bxd4 b5 45. Bxd3 exd3 46. Qxd3 h6 47.
Kg1 b4 48. Kh2 Qf7 49. Bb2 Kh7 50. Qd4 Qe7 51. Qd2 h5 52. Qd1 Kh6 53. Qd2 b3
54. Qc3 Rg8 55. Qd2 Qe4 56. c5 dxc5 57. d6 Qe6 58. d7 Rd8 59. Qc3 Qxd7 60. Qxc5
Rg8 61. Qb6+ Kh7 62. Qxb3 Re8 63. Be5 Rc8 64. Qb6 Qf7 65. Qb1 Rg8 66. Qc2 Qg6
67. Qf2 Qc6 68. Qe2 Kh6 69. Qf2 Rg6 70. Qd2 Qe4 71. Qf2 Qd5 72. Qb2 Qc6 73. Qf2
Qe4 74. Qb2 h4 75. Qd2 Qc6 76. Qf2 Rg3 77. Qd2 Kg6 78. Qa2 Kh6 79. Qd2 Qg6 80.
Qf2 Kh7 81. Qa7+ Kh6 82. Qf2 Qa6 83. Qd2 Qf1 84. Qa2 Rg6 85. Qc2 Qe1 86. Qa2
Qg3+ 87. Kh1 Rc6 88. Qd2 Rb6 89. Bb2 Qb3 90. Be5 Rc6 91. Qf2 Qd1+ 92. Kh2 Qh5
93. Qd2 Qf7 94. Qf2 Qe7 95. Qd2 Rg6 96. Qf2 Kh7 97. Qd2 Qa3 98. Qe2 Qg3+ 99.
Kh1 Kh6 100. Qd2 Rb6 101. Bb2 Re6 102. Be5 Rc6 103. Bb2 Rc7 1/2-1/2

[Event "GBR-ch 95th"]
[Site "Liverpool"]
[Date "2008.08.06"]
[Round "9.12"]
[White "Greet, Andrew"]
[Black "Kett, Timothy"]
[Result "1/2-1/2"]
[WhiteElo "2453"]
[BlackElo "2247"]
[PlyCount "88"]
[EventDate "2008.07.28"]
[EventType "swiss"]
[EventRounds "11"]
[EventCountry "GBR"]

1. e4 e5 2. Nf3 Nc6 3. Bb5 a6 4. Ba4 Nf6 5. O-O Be7 6. Re1 b5 7. Bb3 d6 8. c3
O-O 9. h3 Nd7 10. d4 Bf6 11. a4 Bb7 12. Na3 exd4 13. cxd4 Nb6 14. axb5 axb5 15.
d5 Ne5 16. Rb1 Nxf3+ 17. Qxf3 c6 18. e5 Bxe5 19. dxc6 Ba6 20. Nc2 Nc4 21. Bf4
Qf6 22. Bxe5 dxe5 23. Qxf6 gxf6 24. Ra1 Nxb2 25. Nb4 Na4 26. Bxa4 bxa4 27. Rxa4
Bc4 28. Rxa8 Rxa8 29. Rc1 Be6 30. c7 Rc8 31. Na6 Kf8 32. f3 Ke7 33. Kf2 Bd5 34.
Nb4 Bb7 35. Nc6+ Kd7 36. Nd8 Bd5 37. Rd1 Kxc7 38. Rxd5 Rxd8 39. Rc5+ Kd6 40.
Rc4 f5 41. Rh4 Rh8 42. Rh6+ Ke7 43. Ke3 f6 44. g4 fxg4 1/2-1/2

[Event "GBR-ch 95th"]
[Site "Liverpool"]
[Date "2008.08.06"]
[Round "9.13"]
[White "Knott, Simon JB"]
[Black "Hanley, James L"]
[Result "1/2-1/2"]
[WhiteElo "2365"]
[BlackElo "2243"]
[PlyCount "83"]
[EventDate "2008.07.28"]
[EventType "swiss"]
[EventRounds "11"]
[EventCountry "GBR"]

1. Nf3 Nf6 2. c4 e6 3. Nc3 Bb4 4. Qc2 c5 5. a3 Ba5 6. g3 Nc6 7. Bg2 O-O 8. O-O
d6 9. d3 h6 10. e3 e5 11. Nd2 Bf5 12. Nd5 a6 13. f4 exf4 14. Rxf4 Nxd5 15. cxd5
Ne7 16. b4 cxb4 17. axb4 Bb6 18. Nc4 Ba7 19. Bd2 Qd7 20. Raf1 Bh7 21. R4f2 b5
22. Na5 Nf5 23. Qc1 Ne7 24. Qa3 Rac8 25. Qb3 Ng6 26. Nc6 Ne5 27. d4 Nc4 28. Bc1
Bb6 29. Kh1 Qb7 30. Rf4 a5 31. bxa5 Bxa5 32. e4 Rxc6 33. dxc6 Qxc6 34. e5 d5
35. Qf3 Be4 36. Qg4 Bxg2+ 37. Kxg2 Bd2 38. Bxd2 Nxd2 39. R1f2 Ne4 40. Re2 Nc3
41. Re3 Ne4 42. Rfxe4 1/2-1/2

[Event "GBR-ch 95th"]
[Site "Liverpool"]
[Date "2008.08.06"]
[Round "9.15"]
[White "Pert, Nicholas"]
[Black "James, Russell A"]
[Result "1-0"]
[WhiteElo "2547"]
[BlackElo "2225"]
[PlyCount "84"]
[EventDate "2008.07.28"]
[EventType "swiss"]
[EventRounds "11"]
[EventCountry "GBR"]

1. d4 d5 2. Nf3 Nf6 3. c4 e6 4. Nc3 Bb4 5. Bg5 h6 6. Bxf6 Qxf6 7. e3 c5 8. cxd5
exd5 9. Bb5+ Bd7 10. Bxd7+ Nxd7 11. O-O Bxc3 12. bxc3 O-O 13. dxc5 Qc6 14. Nd4
Qxc5 15. Nf5 Nf6 16. Rb1 b6 17. Qd4 Kh7 18. Qxc5 bxc5 19. Rb5 Ne4 20. f3 Nxc3
21. Rxc5 Rfc8 22. Ra5 Ne2+ 23. Kh1 Rc2 24. a4 Rb8 25. Rxa7 Rbb2 26. Rxf7 Kg6
27. Rf8 Kh7 28. Rf7 Kg6 29. Rf8 Kh7 30. f4 Nc3 31. Nh4 Ne4 32. Kg1 h5 33. Rf5
g6 34. Rxd5 Nc3 35. Rd7+ Kg8 36. Rd6 Ne2+ 37. Kh1 Rc1 38. Rxc1 Nxc1 39. Rxg6+
Kf7 40. h3 Ne2 41. Kh2 Ra2 42. Rg5 Nc3 1-0

[Event "GBR-ch 95th"]
[Site "Liverpool"]
[Date "2008.08.06"]
[Round "9.18"]
[White "Grigoryan-Lyell, Meri"]
[Black "Mason, Donald"]
[Result "1-0"]
[WhiteElo "2053"]
[BlackElo "2268"]
[PlyCount "87"]
[EventDate "2008.07.28"]
[EventType "swiss"]
[EventRounds "11"]
[EventCountry "GBR"]

1. d4 e6 2. c4 f5 3. Nc3 Nf6 4. Qc2 Bb4 5. Bg5 h6 6. Bd2 O-O 7. Nf3 d6 8. a3
Bxc3 9. Bxc3 Ne4 10. Nd2 Nxc3 11. Qxc3 Qf6 12. f4 Nd7 13. Nf3 b6 14. e3 Bb7 15.
Be2 Rae8 16. O-O-O Qe7 17. Rhe1 Nf6 18. g3 Ne4 19. Qb3 c5 20. Nh4 Rf6 21. Nf3
Rc8 22. Kb1 g5 23. Nd2 Nf2 24. Rc1 g4 25. Rf1 Ne4 26. Nxe4 Bxe4+ 27. Bd3 Bf3
28. Qc3 Rf7 29. Rce1 cxd4 30. exd4 d5 31. Re5 Be4 32. Bxe4 Rxc4 33. Qd2 fxe4
34. Qe2 Rf5 35. Qxg4+ Qg7 36. Qh3 Rxd4 37. Rxe6 Rf6 38. Re8+ Kh7 39. Rf2 Rc6
40. Rc8 Rd1+ 41. Ka2 Rf6 42. Rfc2 Rf7 43. Qh5 Rd3 44. R2c7 1-0

[Event "GBR-ch 95th"]
[Site "Liverpool"]
[Date "2008.08.06"]
[Round "9.19"]
[White "Ledger, David"]
[Black "Williamson, Roger G"]
[Result "1-0"]
[WhiteElo "2260"]
[BlackElo "2169"]
[PlyCount "175"]
[EventDate "2008.07.28"]
[EventType "swiss"]
[EventRounds "11"]
[EventCountry "GBR"]

1. e4 e5 2. Bc4 Nf6 3. d3 c6 4. Nf3 d5 5. Bb3 a5 6. Nc3 Bb4 7. a3 Bxc3+ 8. bxc3
a4 9. Ba2 Qc7 10. O-O O-O 11. Re1 Nbd7 12. Nh4 Re8 13. Qf3 Qa5 14. Bd2 Nf8 15.
Nf5 Bxf5 16. Qxf5 Ng6 17. Rab1 Qc5 18. Rb4 b5 19. g3 Rad8 20. Re2 Rf8 21. h4
dxe4 22. d4 Qd6 23. h5 Ne7 24. Qxe5 Ned5 25. Qxd6 Rxd6 26. Rb1 e3 27. Bxd5 Rxd5
28. Rxe3 Rxh5 29. Re2 Nd5 30. g4 Rh4 31. f3 f5 32. g5 f4 33. Re5 Rh5 34. Kg2 h6
35. gxh6 Rxh6 36. Rg1 Rff6 37. Kf2 Rh2+ 38. Rg2 Rxg2+ 39. Kxg2 Kf7 40. Kf2 g6
41. Ke2 Nb6 42. Rc5 Nc4 43. Bc1 Ke7 44. Kd3 Kd7 45. Rg5 Kd6 46. Rg1 Ke6 47. Rg4
Kd7 48. Rg5 Re6 49. Rg1 Ke7 50. Rg4 Ke8 51. Rxf4 Kd7 52. Rf7+ Ke8 53. Rf4 Kd7
54. Re4 Rf6 55. Ke2 Re6 56. Kf2 Nd6 57. Re5 Nc4 58. Rg5 Nd6 59. d5 cxd5 60.
Rxd5 Kc6 61. Rg5 Nc4 62. Rg1 Nd6 63. Bh6 Nc4 64. Bf8 Rf6 65. Be7 Re6 66. Bb4
Nd2 67. Rd1 Nc4 68. Rd4 Ne5 69. Kg3 Nc4 70. Re4 Kd5 71. Rd4+ Kc6 72. Kg4 Ne5+
73. Kf4 Nc4 74. Re4 Rxe4+ 75. Kxe4 Nd2+ 76. Ke3 Nc4+ 77. Kd4 Nd2 78. f4 Nf3+
79. Ke4 Nh4 80. Ke5 Ng2 81. Bf8 Ne3 82. Kf6 Kd5 83. Kxg6 Ke4 84. Kg5 Nf5 85.
Bc5 Ng3 86. Kf6 Nh5+ 87. Ke6 Nxf4+ 88. Kd6 1-0

[Event "GBR-ch 95th"]
[Site "Liverpool"]
[Date "2008.08.06"]
[Round "9.20"]
[White "Surtees, Michael"]
[Black "Gavriel, Tryfon"]
[Result "1-0"]
[WhiteElo "2182"]
[BlackElo "2180"]
[PlyCount "87"]
[EventDate "2008.07.28"]
[EventType "swiss"]
[EventRounds "11"]
[EventCountry "GBR"]

1. e4 d5 2. exd5 Nf6 3. d4 Bg4 4. Be2 Bxe2 5. Qxe2 Qxd5 6. Nf3 e6 7. a3 c6 8.
c4 Qh5 9. Bf4 Nbd7 10. Nc3 Be7 11. O-O O-O 12. Rfe1 Rfe8 13. h3 Bf8 14. Bg3 h6
15. Qc2 a6 16. Ne5 Rac8 17. b4 g6 18. Re3 a5 19. c5 Nxe5 20. Rxe5 g5 21. f4 Nd7
22. fxg5 hxg5 23. Rae1 Bg7 24. Qc1 Bxe5 25. dxe5 f5 26. exf6 Nxf6 27. Re5 Kf7
28. Rxg5 Qh7 29. Be5 Rg8 30. Qf4 Qh6 31. h4 Ke7 32. g3 Rg6 33. Bxf6+ Rxf6 34.
Qd6+ Ke8 35. Ne4 Rf8 36. Qe5 Rd8 37. Nd6+ Rxd6 38. cxd6 Rf7 39. Qxa5 Qh7 40.
Qa8+ Kd7 41. Qxb7+ Kxd6 42. Qb8+ Kd7 43. Qa7+ Kd8 44. Rg8+ 1-0

[Event "GBR-ch 95th"]
[Site "Liverpool"]
[Date "2008.08.06"]
[Round "9.21"]
[White "James, David J"]
[Black "Houska, Jovanka"]
[Result "0-1"]
[WhiteElo "2177"]
[BlackElo "2405"]
[PlyCount "80"]
[EventDate "2008.07.28"]
[EventType "swiss"]
[EventRounds "11"]
[EventCountry "GBR"]

1. Nf3 d5 2. d4 Nf6 3. c4 c6 4. e3 Bg4 5. h3 Bxf3 6. Qxf3 e6 7. Nc3 Nbd7 8. Bd3
Bd6 9. Qe2 O-O 10. O-O Re8 11. c5 Bf8 12. f4 b6 13. cxb6 axb6 14. g4 g6 15. Qg2
b5 16. Bd2 b4 17. Ne2 c5 18. b3 Qb6 19. Kh1 Rec8 20. Be1 Ra3 21. Bf2 c4 22. Bc2
Qa6 23. Nc1 cxb3 24. Bxb3 Rc3 25. Bg1 Ne4 26. Re1 Be7 27. g5 h6 28. h4 Nb6 29.
Rb1 hxg5 30. hxg5 Nc4 31. Re2 Ncd6 32. Rc2 Nf5 33. Rxc3 Neg3+ 34. Kh2 bxc3 35.
Bc2 Nf1+ 36. Kh3 N1xe3 37. Bxe3 Nxe3 38. Qf2 Nxc2 39. Rb8+ Bf8 40. Qh4 Qd6 0-1

[Event "GBR-ch 95th"]
[Site "Liverpool"]
[Date "2008.08.06"]
[Round "9.22"]
[White "Horner, Jeff"]
[Black "Gregory, Stephen J"]
[Result "0-1"]
[WhiteElo "2372"]
[BlackElo "2177"]
[PlyCount "64"]
[EventDate "2008.07.28"]
[EventType "swiss"]
[EventRounds "11"]
[EventCountry "GBR"]

1. e4 d6 2. d4 Nf6 3. Nc3 g6 4. Be3 c6 5. a4 Qa5 6. Bd3 Na6 7. Nf3 Nb4 8. O-O
Nxd3 9. Qxd3 Bg7 10. b4 Qc7 11. Rfe1 O-O 12. h3 a5 13. bxa5 Rxa5 14. Qd2 Be6
15. Rab1 Ra6 16. Bh6 Rfa8 17. Bxg7 Kxg7 18. Ng5 Bc4 19. Rb4 b5 20. axb5 cxb5
21. e5 Nd5 22. Rbb1 h6 23. exd6 exd6 24. Nge4 Qc6 25. h4 Re8 26. h5 b4 27. Nxd5
Bxd5 28. Nf6 Kxf6 29. Qxh6 Raa8 30. g4 Rxe1+ 31. Rxe1 Re8 32. Ra1 Qc3 0-1

[Event "GBR-ch 95th"]
[Site "Liverpool"]
[Date "2008.08.06"]
[Round "9.23"]
[White "Auckland, Elliott"]
[Black "Storey, Charles"]
[Result "0-1"]
[WhiteElo "1990"]
[BlackElo "2668"]
[PlyCount "68"]
[EventDate "2008.07.28"]
[EventType "swiss"]
[EventRounds "11"]
[EventCountry "GBR"]

1. d4 g6 2. e4 Bg7 3. c4 c5 4. d5 e5 5. Nc3 d6 6. f3 h5 7. b4 cxb4 8. Qa4+ Kf8
9. Qxb4 Na6 10. Qa3 Bh6 11. Nge2 Nc5 12. Bxh6+ Nxh6 13. Nc1 Qg5 14. Nb5 Qh4+
15. Ke2 Qd8 16. Nd3 b6 17. Nxc5 bxc5 18. Kd2 f5 19. h3 h4 20. Rb1 Kg7 21. Nc3
Qg5+ 22. Kc2 Rf8 23. Qa4 fxe4 24. Nxe4 Bf5 25. Qd7+ Rf7 26. Qxd6 Bxe4+ 27. fxe4
Rf2+ 28. Kb3 Qe3+ 29. Ka4 Rxa2+ 30. Kb5 Nf7 31. Qc7 Qa3 32. Kc6 Qa6+ 33. Kd7
Rd8+ 34. Qxd8 Qd6+ 0-1

[Event "GBR-ch 95th"]
[Site "Liverpool"]
[Date "2008.08.06"]
[Round "9.24"]
[White "Barrett, Steve"]
[Black "Russell, Christopher"]
[Result "0-1"]
[WhiteElo "2251"]
[BlackElo "2036"]
[PlyCount "112"]
[EventDate "2008.07.28"]
[EventType "swiss"]
[EventRounds "11"]
[EventCountry "GBR"]

1. d4 e6 2. Nf3 Nf6 3. e3 b6 4. Bd3 Bb7 5. Nbd2 c5 6. O-O cxd4 7. exd4 Be7 8.
b3 O-O 9. Bb2 Nc6 10. a3 Rc8 11. Qe2 Qc7 12. c4 d5 13. Rac1 dxc4 14. bxc4 Rfd8
15. Rfe1 Qb8 16. Qe3 Rd7 17. h3 h6 18. Bb1 Rcd8 19. Ne4 Nh5 20. Ne5 Nxe5 21.
dxe5 Bxe4 22. Qxe4 g6 23. h4 Ng7 24. Qf4 h5 25. Bc2 Qc8 26. Red1 Rxd1+ 27. Rxd1
Rxd1+ 28. Bxd1 Qd8 29. Bc2 Bxh4 30. Bc3 Be7 31. Bb4 a5 32. Bxe7 Qxe7 33. Qe3
Qc5 34. Qxc5 bxc5 35. f3 Nf5 36. Kf2 Nd4 37. Ba4 f6 38. exf6 Kf7 39. g4 Kxf6
40. Kg3 h4+ 41. Kxh4 Nxf3+ 42. Kg3 Ne5 43. Bb3 Kg5 44. Bd1 Nxc4 45. Bb3 Nxa3
46. Bxe6 Nc2 47. Bd7 Nd4 48. Kf2 Kf4 49. Ke1 Nf3+ 50. Ke2 Ne5 51. Be6 g5 52.
Kd2 Nxg4 53. Kc3 Ne5 54. Kb3 g4 55. Ka4 g3 56. Bd5 Nf3 0-1

[Event "GBR-ch 95th"]
[Site "Liverpool"]
[Date "2008.08.06"]
[Round "9.25"]
[White "Waters, Clive L"]
[Black "Townsend, Paul"]
[Result "0-1"]
[WhiteElo "2096"]
[BlackElo "2204"]
[PlyCount "78"]
[EventDate "2008.07.28"]
[EventType "swiss"]
[EventRounds "11"]
[EventCountry "GBR"]

1. e4 e6 2. d4 d5 3. Nc3 Bb4 4. exd5 exd5 5. Bd3 Nc6 6. a3 Bxc3+ 7. bxc3 Be6 8.
Rb1 b6 9. Ne2 Qd7 10. O-O O-O-O 11. Nf4 Bf5 12. Ba6+ Kb8 13. Nd3 Qd6 14. Re1
Nge7 15. a4 Ng6 16. Qf3 Be4 17. Qg3 Qxg3 18. hxg3 Na5 19. f3 Bf5 20. Nf4 Bxc2
21. Rb2 Bxa4 22. Nxg6 hxg6 23. Re7 Rd7 24. Rbe2 Nb7 25. Bf4 Nd6 26. Bxd6 Rxd6
27. Kf2 Rf8 28. c4 dxc4 29. Bxc4 Rd7 30. d5 Kc8 31. R7e4 Kd8 32. Ba6 Bb3 33.
Bb5 Bxd5 34. Bxd7 Bxe4 35. Rd2 Ke7 36. Ba4 Bf5 37. f4 Rd8 38. Re2+ Be6 39. Bc2
Rd4 0-1

[Event "GBR-ch 95th"]
[Site "Liverpool"]
[Date "2008.08.06"]
[Round "9.26"]
[White "Coathup, Roger"]
[Black "Goodger, Martyn"]
[Result "1-0"]
[WhiteElo "2105"]
[BlackElo "2187"]
[PlyCount "145"]
[EventDate "2008.07.28"]
[EventType "swiss"]
[EventRounds "11"]
[EventCountry "GBR"]

1. d4 e6 2. c4 f5 3. Nc3 Nf6 4. Nf3 Bb4 5. Qb3 Be7 6. d5 Na6 7. dxe6 dxe6 8. g3
O-O 9. Bg2 Nc5 10. Qc2 a5 11. O-O c6 12. Bf4 Qe8 13. b3 h6 14. a3 g5 15. Bd2
Nce4 16. Be1 Bd6 17. Nxe4 Nxe4 18. Nd4 Bc5 19. e3 Nf6 20. Bc3 Qe7 21. Qb2 e5
22. Nf3 e4 23. Ne5 Kh7 24. b4 axb4 25. axb4 Rxa1 26. Rxa1 Bd6 27. Ra8 Nd7 28.
Nxd7 Bxd7 29. Ra7 Be6 30. c5 Bb8 31. Ra1 Bd5 32. Qd2 Be5 33. Ra7 Bb8 34. Ra1
Be5 35. Qb2 Bxc3 36. Qxc3 Qf6 37. Qxf6 Rxf6 38. Ra7 Rf7 39. Bf1 Kg7 40. Be2 Kf6
41. Kf1 Ke6 42. Ke1 Rd7 43. Ra8 Kf6 44. Rf8+ Kg6 45. Rb8 Kg7 46. Ra8 Kf6 47.
Rc8 Kg7 48. b5 cxb5 49. Bxb5 Re7 50. Kd2 Kf6 51. Kc3 Ke5 52. Kb4 f4 53. Re8
Rxe8 54. Bxe8 fxe3 55. fxe3 Be6 56. Kb5 Kd5 57. Bg6 Bd7+ 58. Kb4 Bc6 59. Bf7+
Ke5 60. Ka5 Kf6 61. Bc4 Ke5 62. Kb6 Bd5 63. Bxd5 Kxd5 64. Kb5 g4 65. Kb4 Ke6
66. Kc4 Ke5 67. c6 bxc6 68. Kc5 h5 69. Kxc6 Ke6 70. Kc5 Ke5 71. Kc4 h4 72. Kc5
hxg3 73. hxg3 1-0

[Event "GBR-ch 95th"]
[Site "Liverpool"]
[Date "2008.08.06"]
[Round "9.28"]
[White "Yeo, Michael J"]
[Black "Rayner, Francis"]
[Result "1-0"]
[WhiteElo "2110"]
[BlackElo "2207"]
[PlyCount "75"]
[EventDate "2008.07.28"]
[EventType "swiss"]
[EventRounds "11"]
[EventCountry "GBR"]

1. e4 c5 2. Nf3 e6 3. d4 cxd4 4. Nxd4 Nc6 5. Nb5 d6 6. Bf4 e5 7. Be3 a6 8. N5c3
Nf6 9. Nd5 Nxd5 10. exd5 Ne7 11. Nc3 Nf5 12. Bc1 Be7 13. Bd3 O-O 14. O-O Bd7
15. f4 Qb6+ 16. Kh1 Ne3 17. Bxe3 Qxe3 18. Qh5 g6 19. Qh6 Bf6 20. Rae1 Qd4 21.
Re4 Qb6 22. f5 Bg7 23. Qh4 Qxb2 24. Nd1 Qxa2 25. f6 Bxf6 26. Qxf6 Qxd5 27. Ne3
Qe6 28. Qh4 d5 29. Rb4 e4 30. Be2 b5 31. Rd4 Bc6 32. Rf6 Qe5 33. c3 Rac8 34.
Ng4 Qc7 35. Rf5 h5 36. Rxh5 gxh5 37. Qg5+ Kh7 38. Qh6+ 1-0

[Event "GBR-ch 95th"]
[Site "Liverpool"]
[Date "2008.08.06"]
[Round "9.29"]
[White "Ledger, Stephen"]
[Black "Sen, Subin"]
[Result "1-0"]
[WhiteElo "2138"]
[BlackElo "2050"]
[PlyCount "115"]
[EventDate "2008.07.28"]
[EventType "swiss"]
[EventRounds "11"]
[EventCountry "GBR"]

1. e4 c5 2. c3 d5 3. exd5 Qxd5 4. d4 Nf6 5. Nf3 e6 6. Na3 Qd8 7. Nc2 Be7 8. Bd3
O-O 9. O-O b6 10. Qe2 Bb7 11. Bf4 Nbd7 12. Rad1 Qc8 13. Ne5 cxd4 14. Nxd7 Qxd7
15. Nxd4 Qd5 16. f3 Bc5 17. Bc4 Qh5 18. Kh1 Rfe8 19. Qe5 Qxe5 20. Bxe5 Rac8 21.
Nb5 Bd5 22. Bb3 Re7 23. Bxf6 Bxb3 24. Bxe7 Bxd1 25. Rxd1 Bxe7 26. Rd7 Rd8 27.
Rxd8+ Bxd8 28. Nxa7 Bg5 29. Kg1 Kf8 30. Kf2 Bc1 31. b3 Bb2 32. Nb5 Ke7 33. Ke3
Bc1+ 34. Ke4 f5+ 35. Kd3 Bf4 36. h3 h5 37. c4 g5 38. Nc3 Bd6 39. Na4 Bc7 40. b4
g4 41. fxg4 fxg4 42. hxg4 hxg4 43. Ke4 Kd7 44. c5 bxc5 45. Nxc5+ Kd6 46. a4 Bb6
47. Nd3 g3 48. Nb2 Bf2 49. Nc4+ Kc6 50. Ke5 Be1 51. b5+ Kc5 52. Nd6 Bf2 53. a5
Kb4 54. a6 Kc3 55. Kxe6 Kd3 56. Kd5 Ke2 57. Ne4 Kf1 58. Nxg3+ 1-0

[Event "GBR-ch 95th"]
[Site "Liverpool"]
[Date "2008.08.06"]
[Round "9.30"]
[White "Shaw, Peter"]
[Black "Dilleigh, Steve"]
[Result "0-1"]
[WhiteElo "2127"]
[BlackElo "2131"]
[PlyCount "78"]
[EventDate "2008.07.28"]
[EventType "swiss"]
[EventRounds "11"]
[EventCountry "GBR"]

1. d4 e6 2. Nf3 Nf6 3. e3 d5 4. Bd3 c5 5. c3 Nc6 6. Nbd2 Be7 7. O-O O-O 8. dxc5
Bxc5 9. e4 Qc7 10. Qe2 Bb6 11. e5 Ng4 12. Bxh7+ Kxh7 13. Ng5+ Kg8 14. Qxg4 Qxe5
15. Ndf3 Qf6 16. Qh4 Qg6 17. Re1 e5 18. Be3 f6 19. Nh3 Bxe3 20. Rxe3 Qg4 21.
Qg3 Qxg3 22. hxg3 Bf5 23. Rd1 Rfd8 24. Kf1 Rac8 25. Re2 Bg4 26. Red2 e4 27. Nd4
Nxd4 28. Rxd4 Bxd1 29. Rxd1 g5 30. Ng1 d4 31. Ne2 dxc3 32. Rxd8+ Rxd8 33. Nxc3
Rd2 34. b4 f5 35. a4 Rd3 36. Nb5 a6 37. Nc7 Kf7 38. a5 Rd7 39. Na8 Rd4 0-1

[Event "GBR-ch 95th"]
[Site "Liverpool"]
[Date "2008.08.06"]
[Round "9.32"]
[White "Coates, David H"]
[Black "Gibson, Chris A"]
[Result "0-1"]
[WhiteElo "2037"]
[BlackElo "2003"]
[PlyCount "184"]
[EventDate "2008.07.28"]
[EventType "swiss"]
[EventRounds "11"]
[EventCountry "GBR"]

1. e4 c5 2. Nf3 d6 3. d4 cxd4 4. Nxd4 Nf6 5. Nc3 a6 6. Bg5 e6 7. f4 Be7 8. Qf3
Qc7 9. O-O-O Nbd7 10. g4 b5 11. Bxf6 Nxf6 12. g5 Nd7 13. f5 Bxg5+ 14. Kb1 Ne5
15. Qh5 Qe7 16. Nxe6 Bxe6 17. fxe6 g6 18. exf7+ Kxf7 19. Qe2 Rhf8 20. Nd5 Qd8
21. Bh3 Kg7 22. b3 Ra7 23. Rdf1 Raf7 24. Qe1 Rxf1 25. Rxf1 Rxf1 26. Qxf1 Qa5
27. c3 Qa3 28. Nc7 Nf3 29. Ka1 Bd2 30. Nd5 Bg5 31. Qd1 Qc1+ 32. Qxc1 Bxc1 33.
Nc7 Nxh2 34. Nxa6 g5 35. Nc7 g4 36. Bg2 h5 37. Nxb5 h4 38. Nxd6 h3 39. Bh1 Bf4
40. Nf5+ Kf6 41. Kb2 Nf1 42. Kc2 g3 43. Nxg3 Nxg3 44. Bf3 Ke5 45. Kd3 Bg5 46.
Bg4 h2 47. Bf3 h1=Q 48. Bxh1 Nxh1 49. a4 Nf2+ 50. Kc4 Nxe4 51. a5 Kd6 52. Kd4
Nc5 53. b4 Nd7 54. Kc4 Kc6 55. Kb3 Bd2 56. c4 Ne5 57. a6 Kb6 58. b5 Be3 59. Kb4
Bc5+ 60. Kc3 Ka5 61. Kb3 Bd4 62. a7 Bxa7 63. Kc3 Ka4 64. Kd2 Kb4 65. Ke2 Kxc4
66. Kf1 Kxb5 67. Kg2 Be3 68. Kg3 Kc4 69. Kg2 Kd3 70. Kg3 Ke4 71. Kg2 Kf4 72.
Kh3 Nd3 73. Kh2 Nf2 74. Kg2 Bd4 75. Kg1 Kf3 76. Kh2 Be5+ 77. Kg1 Bg3 78. Kf1
Bh2 79. Ke1 Ne4 80. Kd1 Ke3 81. Kc2 Nd2 82. Kc3 Bd6 83. Kc2 Be5 84. Kd1 Kd3 85.
Kc1 Nc4 86. Kb1 Kc3 87. Kc1 Nb2 88. Kb1 Kb3 89. Kc1 Bf4+ 90. Kb1 Nc4 91. Ka1
Bg5 92. Kb1 Na3+ 0-1

[Event "GBR-ch 95th"]
[Site "Liverpool"]
[Date "2008.08.06"]
[Round "9.34"]
[White "McCullough, Simon L"]
[Black "Elwin, Adrian G"]
[Result "0-1"]
[WhiteElo "1910"]
[BlackElo "2022"]
[PlyCount "54"]
[EventDate "2008.07.28"]
[EventType "swiss"]
[EventRounds "11"]
[EventCountry "GBR"]

1. d4 Nf6 2. Nf3 e6 3. e3 b6 4. Bd3 Bb7 5. Nbd2 d5 6. O-O Nbd7 7. b3 Ne4 8. Bb2
f5 9. c4 Be7 10. Rc1 O-O 11. Qc2 c5 12. cxd5 exd5 13. Bb5 Rc8 14. Bxd7 Qxd7 15.
Ne5 Qe6 16. Qd3 Rfd8 17. Nxe4 fxe4 18. Qe2 Bf6 19. Ng4 c4 20. Nxf6+ gxf6 21. f3
cxb3 22. axb3 Rxc1 23. Rxc1 Rc8 24. Rf1 Re8 25. fxe4 Qxe4 26. Rf3 Kh8 27. Kf2
Rc8 0-1